[Event "Gibraltar Masters"]
[Site "Gibraltar"]
[Date "2006.01.30"]
[Round "7"]
[White "Gurevich, Mikhail"]
[Black "Sandipan, Chanda"]
[Result "1-0"]
[WhiteElo "2633"]
[BlackElo "2522"]
[Annotator "Gurevich,M"]
[PlyCount "129"]
[EventDate "2006.01.24"]
[EventType "swiss"]
[EventRounds "10"]
[EventCountry "ENG"]
[SourceTitle "CBM 110 Extra"]
[Source "ChessBase"]
[SourceDate "2006.03.10"]
[SourceVersion "2"]
[SourceVersionDate "2006.03.10"]
[SourceQuality "1"]

1. c4 Nf6 2. Nc3 e6 3. Nf3 Bb4 4. Qc2 O-O 5. a3 Bxc3 6. Qxc3 b6 7. e3 Bb7 8.
Be2 c5 9. b4 d6 10. Bb2 Nc6 11. O-O Re8 $5 {TN [/\12...e513.bc5 dc5]} 12. d4
cxd4 13. Nxd4 (13. exd4 $5 d5 $140 14. b5 Ne7 15. c5 $36) 13... Nxd4 $6 (13...
Ne4 $5 14. Qd3 (14. Qc2 Nxd4 15. Bxd4 e5 16. Bb2 Qg5 $132) 14... Ne5 15. Qd1
Qg5 $1 (15... d5) 16. f4 Qg6 17. Bh5 (17. fxe5 Nc3) 17... Qh6 18. Rc1 Rac8 $132
) 14. Qxd4 d5 15. cxd5 Qxd5 16. Qxd5 Nxd5 17. Rac1 $14 Rac8 18. Rfd1 Rxc1 19.
Rxc1 Rc8 20. Rxc8+ Bxc8 21. e4 $5 {[+]} Ne7 (21... Nf4 22. Bc4 {(/\Bb2-e5-b8)}
Ng6 23. b5 $16) 22. b5 $1 {[Xa7]} f6 {[/\23...Kf4,24...e5,25...Be6]} 23. Bc3 {
[/\Bc3-b4-d6-b8]} Kf7 24. Bc4 Ng6 25. Bb4 Ne5 26. Be2 Bb7 (26... Nd7 27. Bd6
Nc5 28. f3 e5 29. Bb8 $16) 27. f3 Nd7 28. Bd6 g6 29. Kf2 f5 30. exf5 gxf5 (
30... exf5 31. Bc4+ Kf6 32. Ke3 $16) 31. g4 $1 fxg4 32. fxg4 Bd5 33. Ke3 Kg6
34. h4 $18 h6 35. h5+ Kg7 36. Bg3 Nf6 37. Be5 Kf7 38. Bf4 Kg7 39. Kd4 {[/
\Kd4-e5-d6-c7-b8;} (39. Bb8 Nd7 40. Bxa7 $6 e5 41. Bf3 $16) 39... Ne4 40. Be5+
Kf7 41. Bf4 Kg7 42. Ke5 Nc3 43. Bd3 Bf3 44. Kd6 {[/\45.Be5+;} (44. Kxe6 Bxg4+
45. Kd6 $16) 44... Na4 45. Be5+ Kg8 46. g5 Nc5 $8 47. Bg6 Ne4+ 48. Kxe6 Nxg5+
49. Ke7 $18 {[/\50.Bb8]} Be2 50. Bb8 a6 51. bxa6 Bxa6 52. Ba7 Nf3 (52... b5 53.
Bd3) 53. Bxb6 (53. Kf6 $5) 53... Ne5 54. Be8 Bc4 55. Bd4 Nd3 56. Be3 Kg7 57. a4
Nb4 58. Bd4+ Kg8 59. a5 Nd5+ 60. Kd6 Nf4 61. Be3 Kf8 62. Bc6 Nxh5 63. Bxh6+ Kf7
64. Bd5+ $1 Bxd5 65. Kxd5 1-0

[Event "Metz op 22nd"]
[Site "Metz"]
[Date "2004.04.??"]
[Round "?"]
[White "Gurevich, Mikhail"]
[Black "Sprenger, Jan Michael"]
[Result "1-0"]
[WhiteElo "2656"]
[BlackElo "2473"]
[Annotator "Gurevich,M"]
[PlyCount "45"]
[EventDate "2004.04.10"]
[EventType "swiss"]
[EventRounds "9"]
[EventCountry "FRA"]
[SourceTitle "CBM 100"]
[Source "ChessBase"]
[SourceDate "2004.06.01"]
[SourceVersion "1"]
[SourceVersionDate "2004.06.01"]
[SourceQuality "1"]

1. c4 Nf6 2. Nc3 e6 3. Nf3 Bb4 4. g3 b6 5. Bg2 Bb7 6. Qc2 O-O 7. a3 Bxc3 8.
Qxc3 d5 9. cxd5 Nxd5 10. Qc2 c5 11. O-O Nc6 12. d3 Rc8 (12... Qd7 13. e3 e5 14.
b3 Rfe8 15. Bb2 Rad8 16. Rfd1 f6 17. b4 $6 cxb4 18. e4 Nc3 19. Bxc3 bxc3 20.
Qxc3 Rc8 $15 {1/2-1/2 Hansen,C-Danielsen,H/Denmark 1991/EXT 2002 (36)}) 13. e3
$5 {TN} Qc7 $5 {[н/\14...e5;/^a8-h1]} 14. b3 Ne5 15. Nxe5 Qxe5 16. Bb2 Qb8 {
[н/\17...Ne7]} 17. Qe2 Ne7 18. Bh3 $5 (18. e4 Nc6 19. b4 Nd4 $15) 18... Rfd8
19. b4 Qd6 20. Rfd1 Qc6 (20... cxb4 21. axb4 a6 (21... Qxb4 22. Ba3) 22. Qg4
Nf5 23. b5 $140 $5 a5 24. Bf6 Re8 25. e4 $40) (20... Ng6 $5 {(н/\21...Ne5)} 21.
bxc5 Rxc5 $13 22. d4 $2 Qc6 23. e4 Rc2 $17) 21. e4 Nf5 $2 (21... Qa4 22. bxc5
Rxc5 23. Rac1 Nc6 $132) 22. b5 $1 $18 Nxg3 (22... Qxb5 23. exf5 Qc6 24. Qe4 $18
) 23. Qg4 (23. Qg4 Ne2+ 24. Kh1) 1-0

[Event "EU-ch 5th"]
[Site "Antalya"]
[Date "2004.05.27"]
[Round "11"]
[White "Gurevich, Mikhail"]
[Black "Naiditsch, Arkadij"]
[Result "1-0"]
[WhiteElo "2672"]
[BlackElo "2571"]
[Annotator "Gurevich,M"]
[PlyCount "77"]
[EventDate "2004.05.15"]
[EventType "swiss"]
[EventRounds "13"]
[EventCountry "TUR"]
[SourceTitle "CBM 101"]
[Source "ChessBase"]
[SourceDate "2004.07.27"]
[SourceVersion "1"]
[SourceVersionDate "2004.07.27"]
[SourceQuality "1"]

1. Nf3 Nf6 2. c4 e6 3. Nc3 Bb4 4. g4 h6 5. Rg1 b6 6. Qc2 Bb7 7. a3 Be7 8. g5
hxg5 9. Nxg5 Nh5 10. d4 Nc6 11. Nf3 Bf6 12. d5 Ne5 13. Nxe5 $5 {TN} (13. Bg2
Ng6 14. Bd2 Nhf4 15. Bh1 exd5 16. cxd5 Qe7 17. Rg4 $13 {1-0 Bareev,E-Naiditsch,
A/Rethymnon 2003/CBM 98 no vc (41)}) 13... Bxe5 14. Bg5 f6 $5 {[/\15...Qe7,16..
.0-0-0]} 15. Bg2 $1 (15. Be3 Qe7 (15... f5 $5) 16. Bg2 O-O-O $13) 15... c6 $5 (
15... fxg5 16. Qg6+ Kf8 17. dxe6 Qf6 18. Qxf6+ gxf6 19. Bxb7 Rd8 $13 (19... Rb8
20. exd7 Ke7 21. Bc6 $16)) 16. dxe6 (16. Bd2 $5 {(/\17.0-0-0)|^}) 16... dxe6
17. Be3 (17. Qg6+ Kf8 18. Bd2 Qe8 19. Qg4 Rd8 $132) 17... f5 $1 {[/\18...Kf7,
Nf6<=>]} 18. c5 $5 Nf6 19. Bf3 (19. Qb3 Qe7 20. cxb6 Ng4 $132) 19... Kf7 20.
Qb3 $5 Nd5 (20... Rb8 $5 21. cxb6 axb6 22. Rg5 $13) 21. Nxd5 cxd5 22. cxb6 axb6
23. O-O-O $5 (23. Bxb6 Qd7 24. a4 Rxh2 $132) 23... Ba6 24. Bd4 $5 (24. Bxd5 $2
exd5 25. Rxd5 Rc8+ 26. Kb1 Bc4 27. Rxd8 Bxb3 $19) 24... Bxd4 25. Rxd4 Rxh2 $2 (
25... Qc7+ 26. Kb1 Qxh2 27. Rg2 Qe5 (27... Qd6 28. Rxd5 exd5 29. Bxd5+ Kf8 (
29... Kf6 30. Qc3+ Qe5 31. Rg6+ $16) 30. Bxa8 $14) 28. Rxd5 exd5 29. Bxd5+ Ke7
30. Rg6 $1 $44) (25... Bc4 26. Qe3 Qc7 27. Kb1 Qxh2 28. Rdd1 $5 $44) (25...
Rxh2 {[#]Diagrama}) 26. Bxd5 $1 Rc8+ (26... exd5 27. Rxd5 Rc8+ 28. Kb1 Bc4 29.
Rxd8 Bxb3 30. Rxc8 $16) 27. Kb1 Kf8 (27... Qf6 28. Bxe6+ Qxe6 29. Rxg7+ $18)
28. Qb4+ $1 (28. Qg3 Qc7 29. Qxc7 Rxc7 30. Bxe6 Rxf2 $13) 28... Qe7 29. Qxb6
exd5 30. Qxa6 $16 Re8 (30... Rb8 31. Rxd5 Rxf2 32. Ka2 $16) 31. Rf4 $1 Qe5 (
31... Kg8 32. Qd3 Qxe2 33. Qxd5+ Qe6 34. Qxe6+ Rxe6 35. Rxf5 Re2 36. Rfg5 $18)
32. Qg6 $1 $18 Kg8 33. Rxf5 Qe4+ 34. Ka1 Re7 35. Qd6 $1 Rh1 36. Rxh1 Qxh1+ 37.
Ka2 Rxe2 38. Qf8+ Kh7 39. Qf7 (39. Qf7 Kh6 40. Rxd5 $18) 1-0

[Event "Chalkidiki"]
[Site "Chalkidiki"]
[Date "1992.??.??"]
[Round "7"]
[White "Illescas Cordoba, Miguel"]
[Black "Ulybin, Mikhail"]
[Result "1-0"]
[WhiteElo "2600"]
[BlackElo "2570"]
[Annotator "Hansen,Cu"]
[PlyCount "87"]
[EventDate "1992.09.??"]
[EventType "tourn"]
[EventRounds "11"]
[EventCountry "GRE"]
[EventCategory "14"]
[SourceTitle "CBM 032"]
[Source "ChessBase"]
[SourceDate "1993.02.01"]
[SourceVersion "1"]
[SourceVersionDate "1993.02.01"]
[SourceQuality "1"]

1. Nf3 Nf6 2. c4 c5 3. Nc3 e6 4. g3 b6 5. Bg2 Bb7 6. O-O d6 7. Re1 Be7 8. e4 e5
9. d3 (9. Nh4 Nc6 10. Nf5 Bf8 $6 (10... O-O) 11. Qa4 g6 12. d4 $1 $16 {
Vaganjan,R-Minasian,A USSR 1991 inf. 53/48}) 9... O-O (9... Nc6 10. a3 O-O 11.
Rb1 a5 12. Nd5 Nxd5 13. exd5 Nd4 14. Nxd4 exd4 15. b4 axb4 16. axb4 $14 {
Plachetka,J-Vaisman,V Stara Pazova 1981 inf. 32/(52)}) 10. Nh4 Nc6 (10... g6 $5
11. f4 Nc6 12. f5 Nd4 13. Bh6 Re8 14. Rf1 Nd7 15. Nf3 Bf8 $132 {Vaganjan,
R-Spassov,L Sochi 1980 inf. 30/23}) 11. Nf5 (11. f4 Nd4 12. Nf3 Nd7 $10 {
Paunovic,D-Raicevic,I Cetinje tt 1991}) 11... Nd4 12. f4 Re8 (12... Nxf5 $2 13.
exf5 Bxg2 14. Kxg2 {/\Qf3 ><d5,/^f3-a8}) 13. Nxe7+ Qxe7 14. f5 $14 {/\g3-g4-g5,
עg8} h6 15. h4 (15. g4 $6 Nh7 {><h4}) 15... a6 16. Be3 b5 17. g4 Nh7 18. Bf2
Rab8 19. Re3 bxc4 20. dxc4 Bc6 21. Rb1 (21. b3 a5 {/\a5-a4 <=>}) 21... Rb4 $1
22. b3 $8 Reb8 23. Be1 {/\24.Nd5} R4b7 24. Ne2 a5 25. Nxd4 (25. Bxa5 $6 Ra8 26.
Be1 Rxa2) 25... cxd4 $6 (25... exd4 26. Re2 (26. Rh3 $2 Bxe4) 26... Nf6 $1 $132
) 26. Rh3 Ra7 (26... a4 27. b4 Be8 {/\f7-f6+Bf7} 28. b5 $16) 27. Bd2 $16 {
/\28.g5 hxg5 29.hxg5 Sxg5 30.Dh5} f6 28. Kh2 Be8 {/\Be8-f7+a5-a4} 29. a4 $1
Rab7 30. Ra1 Qc7 31. Rg3 Qc5 32. Qc2 $1 {/\33.Rg1+g4-g5} (32. g5 hxg5 33. hxg5
fxg5 34. Bxg5 Rxb3 $5 (34... Nxg5 35. Rxg5 Rxb3 36. Qg4 R8b7 37. f6 $18) 35.
Rxb3 Rxb3 36. Qxb3 Nxg5 $13 {צa1}) 32... Kf8 33. Bc1 $1 (33. Rg1 Ke7) 33...
Kg8 (33... Ke7 34. Ba3 {/\c4-c5}) 34. Bf1 Bf7 {/\35. - d5 36.exd5 Bxd5 <=>} 35.
Qd1 Rb6 36. Ra2 R6b7 37. Rag2 Be8 38. g5 $18 hxg5 39. hxg5 Nxg5 40. Bxg5 fxg5
41. Rxg5 Rf7 42. Qg4 Qc7 43. f6 Qd7 44. Qh4 1-0

[Event "Hoogovens"]
[Site "Wijk aan Zee"]
[Date "1991.01.??"]
[Round "8"]
[White "Hansen, Curt"]
[Black "Van der Wiel, John"]
[Result "1-0"]
[WhiteElo "2565"]
[BlackElo "2530"]
[Annotator "Hansen,Cu"]
[PlyCount "81"]
[EventDate "1991.01.??"]
[EventType "tourn"]
[EventRounds "13"]
[EventCountry "NED"]
[EventCategory "14"]
[SourceTitle "CBM 022"]
[Source "ChessBase"]
[SourceDate "1991.06.01"]
[SourceVersion "1"]
[SourceVersionDate "1991.06.01"]
[SourceQuality "1"]

1. c4 {Ribli} e6 2. Nc3 Bb4 3. Nf3 Nf6 4. g3 O-O 5. Bg2 d6 {A very unusual
move. Black normally plays c5, d5 or both. 5. -, d5 6. a3, Be7 7. d4, dxc4 8.
Qa4, a6 9. Qxc4, b5 10. Qd3, Bb7 Kaidanov,G-Ivanchuk,V Lvov 1988} (5... b6 $6 {
Ribli} 6. Ne5 c6 7. O-O Bb7 8. d4 d6 9. Nd3 Bxc3 10. bxc3 Ba6 11. c5 $1 $14 {
Ribli,Z-Anand,V Reggio 1988 CBM/11 45/20}) 6. O-O Nbd7 7. Qb3 Ba5 8. d4 c6 {
/\Lc7,e6-e5} 9. Bf4 Bc7 10. Rad1 Re8 11. e4 e5 12. Bc1 Qe7 {Black now has a
g3-Kingsindian with the blacksquared bishop on c7!} 13. Rfe1 exd4 14. Nxd4 Qe5
15. Bf4 Qh5 16. Nf5 Nc5 17. Qc2 Bxf5 (17... Nfxe4 18. Nxg7 $16) 18. exf5 $16 {
ףh5, /^h1-a8} Ng4 19. h3 (19. Rxe8+ $5 Rxe8 20. h3 Ne5 21. b4 Ncd7 22. g4 Qh4
23. Ne4 Qe7 24. Bg3 $16) 19... Rxe1+ 20. Rxe1 Ne5 21. Bxe5 dxe5 22. b4 Nd7 23.
b5 Rd8 24. bxc6 bxc6 25. Bxc6 Nf6 (25... Qxh3 26. Nd5 $1 (26. Bxd7 Rxd7 27. Nd5
h5 $1 $13) 26... Nb8 27. Bb7 $1 $16) 26. Bg2 Qg5 27. c5 {/\Sb5} a6 $8 28. c6 (
28. Rb1 $5) 28... e4 (28... Bb6 29. Rb1) (28... Rd2 $2 29. Qc1 {/\Sb1}) 29.
Nxe4 Qxf5 30. Nxf6+ $6 (30. Qc5 $1 Qe6 31. Nxf6+ Qxf6 32. Qe7 Qd6 33. Bd5 $18)
30... Qxf6 31. Qe2 g6 32. Qxa6 h5 33. h4 $6 (33. Qa7 Rd2 34. Rf1 Qe5 {+/=/+/-})
33... Rd2 34. Rf1 Kg7 35. Qa7 Qe5 (35... Be5 $1 $132) 36. a4 Ra2 37. Rd1 $1 $16
{/\Qd4/Rd7} Qe2 38. Rd7 Qe1+ 39. Kh2 Rxf2 40. Rxc7 Qe2 (40... Qd2 41. Kh3 $1)
41. Qd4+ {Hansen,C} 1-0

[Event "Enghien les Bains 2nd"]
[Site "Enghien les Bains"]
[Date "1997.03.18"]
[Round "5"]
[White "Rausis, Igors"]
[Black "Chabanon, Jean Luc"]
[Result "1/2-1/2"]
[WhiteElo "2470"]
[BlackElo "2435"]
[Annotator "Hecht,H"]
[PlyCount "123"]
[EventDate "1997.03.14"]
[EventType "tourn"]
[EventRounds "9"]
[EventCountry "FRA"]
[EventCategory "10"]
[SourceTitle "CBM 058"]
[Source "ChessBase"]
[SourceDate "1997.06.01"]
[SourceVersion "1"]
[SourceVersionDate "1997.06.01"]
[SourceQuality "1"]

1. Nf3 Nf6 2. c4 e6 3. Nc3 b6 4. g3 Bb7 5. Bg2 Be7 6. O-O O-O 7. Re1 Ne4 8.
Nxe4 Bxe4 9. d3 Bb7 10. e4 c5 11. d4 cxd4 12. Nxd4 Qc8 13. b3 Nc6 14. Nb5 Bc5
15. Bb2 f6 16. a3 a5 17. Qd2 Ne5 18. Rac1 Bc6 19. h3 Qb8 20. Kh2 Bxb5 21. cxb5
Ra7 22. f4 Nf7 23. Rc4 e5 24. f5 Qd6 25. Qc1 Qe7 26. Rd1 Bd6 27. h4 g6 28. Bh3
Kg7 29. Rc2 Rb7 30. Rd3 g5 31. Bg4 Nh6 32. Qd1 gxh4 33. Rxd6 hxg3+ 34. Kg2 Kh8
35. Bh3 Rg8 36. Rcd2 Nf7 37. Rxd7 Rxd7 38. Rxd7 Qc5 39. Qd2 Ng5 40. Rd8 Nxe4
41. Rxg8+ Kxg8 42. Qe2 Kg7 43. Bg4 Ng5 44. Bf3 e4 45. Bg4 h5 46. Bxh5 Qxf5 47.
Bg4 Qf4 48. Bd4 Nf3 49. Bxf6+ Kxf6 50. Bxf3 exf3+ 51. Qxf3 Qxf3+ 52. Kxf3 {
[#] Thema: entfernter Freibauer. Wegen des doppelten weißen b-Bauern kommt
Schwarz nach dem Gewinn von b5 nicht mehr an a3/b3 heran, oder er schluckt
zuerst b3, dann fällt b6 und Weiß erhält ebenfalls rechtzeitig eine Dame. 
Einfache Abzählgeschichte.} Ke5 53. Kxg3 Kd4 54. Kf4 Kc3 55. Ke5 Kxb3 56. Kd5
Kxa3 57. Kc6 a4 58. Kxb6 Kb3 59. Kc6 a3 60. b6 a2 61. b7 a1=Q 62. b8=Q+ 1/2-1/2

[Event "ARG-ch 72nd"]
[Site "Pinamar"]
[Date "2002.03.13"]
[Round "4"]
[White "Peralta, Fernando"]
[Black "Giaccio, Alfredo Gustavo"]
[Result "0-1"]
[WhiteElo "2490"]
[BlackElo "2517"]
[Annotator "Hecht,H"]
[PlyCount "96"]
[EventDate "2002.03.11"]
[EventType "tourn"]
[EventRounds "13"]
[EventCountry "ARG"]
[EventCategory "9"]
[SourceTitle "CBM 088"]
[Source "ChessBase"]
[SourceDate "2002.03.21"]
[SourceVersion "1"]
[SourceVersionDate "2002.03.21"]
[SourceQuality "1"]

1. Nf3 Nf6 2. c4 e6 3. Nc3 Bb4 4. g3 O-O 5. Bg2 d5 6. a3 Bxc3 7. bxc3 Nbd7 8.
cxd5 exd5 9. O-O Re8 10. d3 Qe7 11. Re1 Ne5 12. Rb1 Nxf3+ 13. Bxf3 c6 14. Qa4
Bf5 15. Bd2 Qd7 16. Qd4 Bg4 17. Bxg4 Nxg4 18. c4 b6 19. cxd5 cxd5 20. Bf4 f6
21. Rbc1 Ne5 22. Kg2 Nc6 23. Qa4 Rac8 24. h4 Ne5 25. Qd4 Nc6 26. Qb2 Ne7 27.
Rxc8 Rxc8 28. Rc1 Rxc1 29. Qxc1 {[#] Nach dem Verlust der weißen Felder kommt
der schwarze Springer ins Spiel....} Qc6 30. Qb2 Kf7 31. Kg1 h6 32. Qb4 Qc2 33.
Bb8 (33. Qd2 $142) 33... Qxe2 34. Bxa7 (34. Qb5 $142) 34... Qxd3 35. Bxb6 Nc6
36. Qc5 Ne5 37. a4 Nf3+ 38. Kg2 Qe4 39. Qe3 $2 (39. Kf1 $2 Qb1+ 40. Kg2 (40.
Ke2 Qe1+ 41. Kxf3 (41. Kd3 Qd2#) 41... Qe4#) 40... Ne1+ 41. Kh2 (41. Kf1 Nd3+
$19) 41... Qe4 $19) (39. Qc7+ $142 Kg8 40. Kf1 Qxa4 (40... Qb1+ 41. Kg2 Ne1+
42. Kf1 $1) 41. Qd8+ Kh7 42. Qxd5 Qa6+ 43. Kg2 Nxh4+ 44. gxh4 Qxb6 45. Qe4+ $11
) 39... Nxh4+ 40. Kf1 Qb1+ 41. Ke2 Qc2+ 42. Qd2 Qe4+ 43. Qe3 Qg4+ 44. f3 Qxg3
45. a5 Nf5 46. Qd3 Qe5+ 47. Kd2 Nd6 48. Qd4 Qxd4+ 0-1

[Event "Corus"]
[Site "Wijk aan Zee"]
[Date "2004.01.17"]
[Round "6"]
[White "Kramnik, Vladimir"]
[Black "Zhang, Zhong"]
[Result "1-0"]
[WhiteElo "2777"]
[BlackElo "2639"]
[Annotator "Hecht,H"]
[PlyCount "155"]
[EventDate "2004.01.10"]
[EventType "tourn"]
[EventRounds "13"]
[EventCountry "NED"]
[EventCategory "19"]
[SourceTitle "CBM 099"]
[Source "ChessBase"]
[SourceDate "2004.03.30"]
[SourceVersion "1"]
[SourceVersionDate "2004.03.30"]
[SourceQuality "1"]

1. Nf3 Nf6 2. c4 e6 3. Nc3 Bb4 4. Qc2 O-O 5. a3 Bxc3 6. Qxc3 b6 7. e3 Bb7 8.
Be2 d6 9. O-O Nbd7 10. b4 c5 11. Bb2 Re8 12. d4 Ne4 13. Qb3 Rb8 14. Rad1 Qc7
15. Nd2 Nef6 16. Rc1 a5 17. Rfd1 e5 18. Bf1 axb4 19. axb4 h6 20. Ba1 Rec8 21.
Bb2 Re8 22. dxc5 dxc5 23. Nb1 cxb4 24. Qxb4 Nc5 25. Nc3 Rbd8 26. Rb1 Bc6 27.
Ba1 Rxd1 28. Rxd1 Rd8 29. Nb5 Bxb5 30. Bxe5 Qxe5 31. Rxd8+ Be8 32. Qxb6 Qe7 33.
Rc8 Nfd7 34. Qc7 Kf8 35. g3 Ne6 36. Qc6 g6 37. Bh3 f5 38. Bg2 Kg7 39. Bd5 Nec5
40. Qa8 Bf7 41. Qa1+ Qf6 42. Qa7 Qa6 43. Qxa6 Nxa6 44. f3 Nac5 45. Kf2 Kf6 46.
Rc6+ Be6 47. Ke2 Ke5 48. f4+ Kf6 49. Kd2 Ke7 50. Bf3 Nb3+ 51. Kc3 Na5 52. Ra6
Nxc4 53. Rxe6+ Kxe6 54. Kxc4 {[#] The bishop cannot display its true strength
in endings with pawns on one wing, especially since the queening square of the
h-pawn is of the wrong colour for it. Black should keep his forces close
together and above all place the knight on a safe square which gives it a good
field of action. The greatest enemy for Black is zugzwang, by means of which
White can gain space.   [#] Der Läufer kann in Endspielen mit Bauern auf einem
Flügel nicht seine wahre Stärke ausspielen, zumal das Umwandlungsfeld des
h-Bauern nicht zur Felderfarbe des Läufers passt. Schwarz sollte seine Steine
auf engem Raum zusammenhalten und insbesondere den Springer auf ein sicheres
Feld bei großem Aktionsradius stellen. Der grösste Feind des Schwarzen ist der
Zugzwang, mit dessen Hilfe Weiß Raum gewinnen könnte.} g5 {This could have
been omitted. Das konnte erst einmal unterbleiben.} (54... Nf6 $1 55. Kd4 Kd6 {
[%csl Yg4,Yh5][%cal Yg4h2,Yh5g3]} 56. h3 g5 57. g4 (57. Bb7 Nh5) 57... gxf4 58.
exf4 fxg4 59. hxg4 Ke6 {and in my opinion Black has nothing to fear. und
Schwarz kann m.E. nichts passieren.}) 55. Bd5+ Kf6 $6 {Heading into danger,
since space is conceded and the knight will also have to make do with poorer
squares. Begibt sich in Gefahr, weil Raum aufgegeben wird und der Springer
gleichzeitig auf schlechtere Felder zu stehen kommt.} (55... Kd6 $1 56. Kd4 Nf6
57. Bb7 gxf4 58. exf4 Ng8 $14) 56. Bc6 Nf8 57. Kd5 Ng6 58. Kd6 Ne7 59. Bb7 Ng6
60. Bf3 Nf8 61. Bd5 Ng6 62. Bc6 Nf8 63. Bd7 Ng6 64. h3 h5 $5 (64... Nf8 $1 65.
Bb5 Ng6 {and it is impossible to see how White can progress. e.g. und es nicht
zu erkennen, wie Weiß Fortschritt machen kann. z.B.} 66. Bd3 Nf8 67. g4 gxf4
68. exf4 fxg4 69. hxg4 Ne6 $11) 65. fxg5+ Kxg5 66. h4+ Kg4 (66... Kf6 {is a
small step to the edge of a dangerous precipice. ist ein sehr schmaler Grad
mit großer Absturzgefahr.} 67. Be8 (67. Ba4 f4 68. gxf4 Nxf4 69. Bc2 $1 {
[%csl Yf5,Yg6] and here the e-pawn could be decisive. und hier könnte der
e-Bauer entscheiden} (69. exf4 Kf5 $11) 69... Ng2 70. e4 Nxh4 71. e5+ $18)
67... Ne5 {[%csl Re3][%cal Re5g4,Re5c4]} 68. Kd5 Ng4 69. Kd4 Nh2 {[%csl Rg3]
[%cal Rh2f1]} 70. Bxh5 Nf1 71. e4 fxe4 72. g4 Ng3 73. g5+ (73. Be8 Nf5+ 74.
gxf5 Kxf5 $11 {[%cal Gf5f6,Gf6g7,Gg7h8]}) 73... Kf5 74. Bd1 Kf4 75. g6 Nf5+ 76.
Kc3 Ke5 77. h5 Kf6 $11) 67. e4 $1 Kxg3 68. exf5 Nh8 {This really seems to lose
the game. Das scheint wirklich zu verlieren.} ({Another narrow path to a draw
may have been Ein weiterer schmaler Remispfad war wohl} 68... Nxh4 $1 69. f6
Kf4 70. f7 (70. Ke7 Kg5 71. Kf7 Ng6 72. Kg7 Ne5 $11) 70... Ng6 71. Ba4 (71. Bh3
h4 72. Ke6 Kg5 73. Bf1 Kh6 74. Kf6 Nf8 75. Bh3 Nh7+ 76. Ke7 Kg7 77. Bd7 Nf8 78.
Bf5 h3 79. Bxh3 Ng6+ 80. Ke8 Nf8 81. Bf5 Kh8 $1 $11 {is a further nice little
draw. ist ein weiteres nettes Remisspielchen}) 71... h4 72. Bc2 Nf8 73. Ke7 h3
$11) 69. Ke7 Kxh4 70. Kf6 Kg4 71. Kg7 Kg5 72. f6 h4 73. Bc8 (73. Be6) 73... Kh5
74. Bf5 Kg5 75. Be6 Ng6 (75... Kh5 76. Kxh8 Kg6 77. f7 $18) 76. f7 $18 Nf4 77.
Bc8 Nh5+ 78. Kh7 1-0

[Event "ARG-ch 72nd"]
[Site "Pinamar"]
[Date "2002.03.12"]
[Round "3"]
[White "Peralta, Fernando"]
[Black "Zarnicki, Pablo Adrian"]
[Result "1/2-1/2"]
[WhiteElo "2490"]
[BlackElo "2493"]
[Annotator "Hecht,H"]
[PlyCount "146"]
[EventDate "2002.03.11"]
[EventType "tourn"]
[EventRounds "13"]
[EventCountry "ARG"]
[EventCategory "9"]
[SourceTitle "CBM 088"]
[Source "ChessBase"]
[SourceDate "2002.03.21"]
[SourceVersion "1"]
[SourceVersionDate "2002.03.21"]
[SourceQuality "1"]

1. Nf3 Nf6 2. c4 e6 3. Nc3 Bb4 4. g3 O-O 5. Bg2 d5 6. a3 Be7 7. d4 dxc4 8. Ne5
c5 9. dxc5 Qxd1+ 10. Nxd1 Bxc5 11. Nxc4 Nd5 12. Nde3 Rd8 13. O-O Nc6 14. Rd1
Nd4 15. Kf1 Nb3 16. Rb1 Bd7 17. Rd3 Bxe3 18. Rxb3 Bxc1 19. Rxc1 Rac8 20. Rxb7
a5 21. b3 a4 22. bxa4 Bxa4 23. Rbb1 g6 24. Bxd5 exd5 25. Nb6 Rxc1+ 26. Rxc1 Bb3
27. Ke1 Rd6 28. Rc8+ Kg7 29. Rb8 Rc6 30. f3 Rc1+ 31. Kf2 Rh1 32. h4 d4 33. Nd7
Be6 34. Nc5 Bc4 35. Rb4 Rc1 36. Nb3 Bxb3 37. Rxb3 Ra1 38. g4 h6 39. Rd3 g5 40.
h5 Kf6 41. e3 Ra2+ 42. Kg3 dxe3 43. Rxe3 Kg7 44. Rb3 Kh7 45. f4 gxf4+ 46. Kxf4
Kg7 47. Ke5 Re2+ 48. Kd5 Kf6 49. a4 Kg5 50. Rb4 f5 51. gxf5 Kxh5 52. f6 Kg6 53.
Rf4 Kf7 54. Kc6 Re6+ 55. Kb5 Re5+ 56. Kb6 Re6+ 57. Kb5 Re5+ 58. Kb4 h5 59. a5
h4 60. a6 (60. Rxh4 Kxf6 61. a6 Re7 62. Rh5 {oder Td4 verbürgt einen ebenso
klaren wie leichten Gewinn.}) 60... Re1 61. Kb5 ({erneut} 61. Rxh4 Kxf6 62. Rc4
$18) 61... h3 62. a7 h2 63. a8=Q Rb1+ 64. Kc5 $2 ({letztmaliger Gewinn nach} 
64. Rb4 h1=Q 65. Qa2+ Kxf6 66. Qxb1 {und der König entkommt den Schachs}) 64...
h1=Q $11 {[%csl Gb7]} 65. Qa2+ Kf8 66. Qa3 Qb7 67. Kc4+ Kf7 68. Qa2 Qb4+ 69.
Kd3+ Rb3+ 70. Ke2 Qb5+ 71. Kf2 Qc5+ 72. Kf1 Qc1+ 73. Kg2 Qb2+ 1/2-1/2

[Event "Madrid"]
[Site "Madrid"]
[Date "1995.??.??"]
[Round "1"]
[White "Illescas Cordoba, Miguel"]
[Black "Timman, Jan H"]
[Result "1/2-1/2"]
[WhiteElo "2595"]
[BlackElo "2635"]
[Annotator "Hecht,H"]
[PlyCount "81"]
[EventDate "1995.05.??"]
[EventType "tourn"]
[EventRounds "9"]
[EventCountry "ESP"]
[EventCategory "16"]
[SourceTitle "CBM 047"]
[Source "ChessBase"]
[SourceDate "1995.08.01"]
[SourceVersion "1"]
[SourceVersionDate "1995.08.01"]
[SourceQuality "1"]

1. Nf3 Nf6 2. c4 e6 3. Nc3 Bb4 4. Qc2 O-O 5. a3 Bxc3 6. Qxc3 b6 7. b4 Bb7 8.
Bb2 d6 9. g3 Nbd7 10. Bg2 Ne5 11. O-O Nxf3+ 12. Bxf3 Bxf3 13. Qxf3 e5 14. a4 a5
15. Bc3 axb4 16. Bxb4 c5 17. Bc3 Re8 18. Rfb1 d5 19. cxd5 Nxd5 20. e4 Nxc3 21.
dxc3 Re6 22. Rd1 Rd6 23. Rxd6 Qxd6 24. Rd1 Qf6 25. Qxf6 gxf6 26. Ra1 c4 27. Rb1
Rxa4 28. Rxb6 Ra3 29. Rxf6 Kg7 30. Rf3 Ra1+ 31. Kg2 Re1 32. Re3 Rxe3 33. fxe3 {
5P<->4P, schlechte w B-Struktur, status quo} Kg6 34. Kf3 Kh5 35. h3 Kg5 36. Kf2
(36. g4 Kh4 37. Kg2 h6 38. Kh2 Kg5 39. Kg3 f6 40. h4+ Kg6 41. Kf3 Kf7 42. Ke2
Kg6 43. Kd2 h5 44. gxh5+ (44. Ke2 hxg4 45. Kf2 Kh6 46. Kg2 Kg6 $10) 44... Kxh5
45. Kc2 Kxh4 46. Kb2 Kg3 47. Ka3 Kf3 48. Kb4 Kxe3 49. Kxc4 Kxe4 50. Kb4 f5 51.
c4 f4 52. c5 Kd5 53. Kb5 f3 $19) 36... Kg6 37. Ke1 Kf6 38. Ke2 Ke6 39. Kf3 Kf6
40. Kg4 Kg6 41. Kf3 1/2-1/2